000 00644nam a2200193Ia 4500
003 GCL
008 140319s9999 xx 000 0 ara d
040 _aGCL /
_cGCL
082 0 4 _a958.1
_bم ا
100 1 _aالمكتب الثقافى والصحافى
245 1 0 _aاثار افغانستان قبل الاسلام وبعده /
_cالمكتب الثقافى والصحافى
300 _a96 ص
490 _aافغانستان اليوم
_v0
650 0 4 _aافغانستان
650 0 4 _aالاثار
650 0 4 _aافغانستان - تاريخ
650 0 4 _aافغانستان - الاثار الاسلامية
942 _2ddc
_cBK
999 _c50797
_d50797